<?xml version="1.0" encoding="UTF-8"?>
<record
    xmlns:xsi="http://www.w3.org/2001/XMLSchema-instance"
    xsi:schemaLocation="http://www.loc.gov/MARC21/slim http://www.loc.gov/standards/marcxml/schema/MARC21slim.xsd"
    xmlns="http://www.loc.gov/MARC21/slim">

  <leader>00717nam a2200217Ia 4500</leader>
  <controlfield tag="008">200830s9999||||xx |||||||||||||| ||und||</controlfield>
  <datafield tag="020" ind1=" " ind2=" ">
    <subfield code="a">7301280149</subfield>
  </datafield>
  <datafield tag="020" ind1=" " ind2=" ">
    <subfield code="a">9787301280140</subfield>
  </datafield>
  <datafield tag="041" ind1=" " ind2=" ">
    <subfield code="a">chi</subfield>
  </datafield>
  <datafield tag="050" ind1=" " ind2=" ">
    <subfield code="a">BL1803  </subfield>
    <subfield code="b">.C44 2017</subfield>
  </datafield>
  <datafield tag="100" ind1=" " ind2=" ">
    <subfield code="a">&#x9648;&#x6765;</subfield>
  </datafield>
  <datafield tag="245" ind1=" " ind2="0">
    <subfield code="a">&#x53E4;&#x4EE3;&#x601D;&#x60F3;&#x6587;&#x5316;&#x7684;&#x4E16;&#x754C; &#x6625;&#x79CB;&#x65F6;&#x4EE3;&#x7684;&#x5B97;&#x6559;, &#x4F26;&#x7406;&#x4E0E;&#x793E;&#x4F1A;&#x601D;&#x60F3;</subfield>
    <subfield code="b"> /</subfield>
    <subfield code="c">&#x9648;&#x6765;</subfield>
  </datafield>
  <datafield tag="246" ind1=" " ind2=" ">
    <subfield code="a">&#x53E4;&#x4EE3;&#x601D;&#x60F3;&#x6587;&#x5316;&#x7684;&#x4E16;&#x754C; &#x6625;&#x79CB;&#x6642;&#x4EE3;&#x7684;&#x5B97;&#x6559;, &#x502B;&#x7406;&#x8207;&#x793E;&#x6703;&#x601D;&#x60F3;</subfield>
    <subfield code="b">/</subfield>
  </datafield>
  <datafield tag="260" ind1=" " ind2=" ">
    <subfield code="a">&#x5317;&#x4EAC; : </subfield>
    <subfield code="b">&#x5317;&#x4EAC;&#x5E08;&#x8303;&#x5927;&#x5B66;&#x51FA;&#x7248;&#x793E;,</subfield>
    <subfield code="c">2017</subfield>
  </datafield>
  <datafield tag="300" ind1=" " ind2=" ">
    <subfield code="a">443 p.</subfield>
    <subfield code="b">;</subfield>
    <subfield code="c">22 cm.</subfield>
  </datafield>
  <datafield tag="490" ind1=" " ind2=" ">
    <subfield code="a">&#x535A;&#x96C5;&#x82F1;&#x534E;&#xB7;&#x9648;&#x6765;&#x8457;&#x4F5C;&#x96C6;.</subfield>
  </datafield>
  <datafield tag="650" ind1=" " ind2=" ">
    <subfield code="a">China -- Religion.</subfield>
  </datafield>
  <datafield tag="650" ind1=" " ind2=" ">
    <subfield code="a">Ethics -- China.</subfield>
  </datafield>
  <datafield tag="650" ind1=" " ind2=" ">
    <subfield code="a">Philosophy, Chinese -- To 221 B.C.</subfield>
  </datafield>
  <datafield tag="952" ind1=" " ind2=" ">
    <subfield code="0">0</subfield>
    <subfield code="1">0</subfield>
    <subfield code="4">0</subfield>
    <subfield code="7">0</subfield>
    <subfield code="a">GETS</subfield>
    <subfield code="b">GETS</subfield>
    <subfield code="c">GEN</subfield>
    <subfield code="d">2020-08-30</subfield>
    <subfield code="l">0</subfield>
    <subfield code="o">BL1803 .C44 2017</subfield>
    <subfield code="p">00011439</subfield>
    <subfield code="r">2020-08-30 00:00:00</subfield>
    <subfield code="w">2020-08-30</subfield>
    <subfield code="y">CB</subfield>
  </datafield>
  <datafield tag="999" ind1=" " ind2=" ">
    <subfield code="c">23644</subfield>
    <subfield code="d">23644</subfield>
  </datafield>
</record>
